| 000 | 00550nam a22002057a 4500 | ||
|---|---|---|---|
| 003 | IIN | ||
| 005 | 20250505115954.0 | ||
| 008 | 250505b2014 |||ad||| |||| 001 0 eng d | ||
| 020 |
_a9789351522270 _cRs.1275.00 |
||
| 040 | _aIIN | ||
| 082 |
_a610.73677 _bCLE |
||
| 100 | _aClement, I. | ||
| 245 |
_aTextbook of Operation Theater Nursing/ _cI. Clement |
||
| 260 |
_aNew Delhi _bJaypee _c2014 |
||
| 300 |
_axxx, 912 p. _bill. |
||
| 500 | _aIncludes Index | ||
| 650 |
_aOperation Theatre _vNursing |
||
| 650 |
_aMedical Surgical _vNursing |
||
| 942 | _cBOOK | ||
| 999 |
_c1793 _d1793 |
||